| 000 | 01402nam a2200265Ia 4500 | ||
|---|---|---|---|
| 999 |
_c4961 _d4961 |
||
| 003 | OSt | ||
| 005 | 20200414131513.0 | ||
| 008 | 191128s2013 ck ad gr 000 0 spa d | ||
| 020 | _a9789588013770 | ||
| 040 |
_aCO-JMCR _cCO-JMCR |
||
| 041 | 0 | _aspa | |
| 082 | 0 | 4 |
_a302.1 / _bV31 |
| 100 | 1 |
_aHurtado, David A., _eautor _92992 |
|
| 245 | 1 | 4 |
_aLas vicisitudes del capital social de Colombia / _cDavid A. Hurtado, Diana Marcela García, Andrés Felipe Copete |
| 250 | _aPrimera edición | ||
| 260 |
_aBogotá : _bFundacion Antonio restrepo Barco, _c2013 |
||
| 300 |
_aX, 512 páginas : _bilustraciones, gráficas ; _c28 cm. |
||
| 505 | _aMetodología -- Los factores del BARCAS -- El efecto de las variables exógenas sobre los factores -- Contexto general -- Las dimensiones que aportan a Ksocial -- Las dimensiones que aportan a Confíe -- Las dimensiones que aportan a Fenoval | ||
| 520 | _aEste libro presenta los resultados de tercera medición del capital social en Colombia realizada en 2011, investigación que hace parte de una serie de mediciones que inició en el año 1997. Los resultados de esta tercera medición muestran la separación | ||
| 650 | 1 | 4 |
_aCapital social Condiciones sociales _92993 |
| 650 | 2 | 4 |
_aDesarrollo social Participación social _92994 |
| 700 | 1 |
_aGarcía, Diana Marcela, _eautora _92995 |
|
| 700 | 1 |
_aCopete, Andrés Felipe, _eautor _92996 |
|
| 942 |
_2ddc _cBK |
||